000 00886nam a22002897a 4500
001 8360
003 FISKH
005 20250910091716.0
008 250910b cb ||||| |||| 00| 0 eng d
020 _a9780531228036
040 _aFISKH
_beng
_cFISKH
_dFISKH
050 _aQB857 .T73
082 _a523.1
100 _aK.Trammel, Howard
245 _aA true book :
_bGalaxies /
_cHoward K. Trammel
250 _aThis edition first published in 2010
260 _aNew York :
_bChildren,
_c2010
300 _a48 pages :
_bcolor illustrations ;
_c22 cm
505 _aZ
520 _aAn illustrated introduction to galaxies that explains different types and shapes of galaxies, the Milky Way, and related topics.
521 8 _a900
_bLexile
521 8 _aZ
_bRaz-Plus
650 _2Galaxies
_aSpace
650 _2Science
_aAstronomy
942 _2ddc
_cBK
_n0
999 _c8360
_d8360